• 首页
  • 本馆介绍
  • 公告通知
  • 最新文献
  • 馆藏检索
  • 电子资源
  • 读者荐购
  • 参考咨询
  • CALIS
  • 我的图书馆
  • 登录
  • 详细信息显示
  • 放入我的书架
  • 预约/预借图书
  • 作者相关作品
  • 分类相关作品
  • 丛书相关作品
  • 出版社相关作品

书目信息

  • 表格格式
  • 工作单格式
  • 卡片格式
题名:
维他命应该这样吃
    
 
作者: 左勇晋 著 ;具本奇 译
分册:  
出版信息:   浙江教育  2008.06
页数: 276页
开本: 20cm
丛书名:
单 册:
中图分类: R151
科图分类:
主题词: 营养卫生 , 食品卫生 , 饮食卫生 , 食品卫生学
电子资源:
ISBN: 978-7-5338-7512-1
 
 
 
 
 
000 00744nam0 2200277 45
001 0957268887
005 20091026155539.09
010    @a978-7-5338-7512-1@dCNY25.00
100    @a20090515d2008 ekmy0 y0120 ea
102    @aCN@b130000
102    @aCN@b330000
105    @ay z 000yy
200 1  @a维他命应该这样吃@f(韩)左勇晋著;具本奇译@F(han)zuo yong jin zhu;ju ben qi yi
210    @c浙江教育@d2008.06
210    @a杭州@c浙江教育出版社
215    @a276页@d20cm
606 0  @a营养卫生
606 0  @a食品卫生
606 0  @a饮食卫生
606 0  @a食品卫生学
690    @aR151@v4
701  0 @a左勇晋@Azuo yong jin@4著
702  0 @a具本奇@Aju ben qi@4译
801  0 @aCN@c20091026
905    @a10447@dR151@eZ992
906    @d25@n2@r1
    
    维他命应该这样吃/(韩)左勇晋著;具本奇译.-浙江教育,2008.06.-杭州:浙江教育出版社
    276页;20cm
    
    
    ISBN 978-7-5338-7512-1:CNY25.00
    
●
相关链接 在E读中查询图书 在当当中查询图书 在豆瓣中查询图书


正题名:维他命应该这样吃     索取号:R151/Z992         预约/预借

序号 登录号 条形码 馆藏地/架位号 状态 备注
1 891275   208912756   自科库401/401自科库 104排1列2层/ [索取号:R151/Z992] 在馆    
2 891276   208912765   自科库401/401自科库 104排1列2层/ [索取号:R151/Z992] 在馆    
河南城建学院图书馆 欢迎您!
大连网信软件有限公司© 版权所有